00750nam a22002297a 450000500170000001000110001702000070002803500110003503700160004604000120006208200130007410000240008724500560011126000430016730000200021050000600023065000300029065000410032094200220036199900190038395201180040220170124105919.0 a181134 c00 a181134 bCen Lib/Ret aDPLbEN a020bLEE aLee, Robert9108351 aLibrary sponsored discussion group /cby Robert Lee aAmerican Library Association b c1957 a85p.c24cm (Hb) aIncludes appendix, bibliographical references and index aLibrary Sciences 9108352 aCommittee ReportsxPlanning 9108353 2ddccENh020mLEE c123042d123042 00104070aLbLd2015-06-02eCen Lib/Retg0.00l0o020 LEEp181134r2015-06-02 00:00:00t1v0.00w2015-06-02yEN